000 00613nam a2200229Ia 4500
003 OSt
005 20221005083815.0
006 a|||||r|||| 00| 0
007 ta
008 221004b |||||||| |||| 00| 0 eng d
024 _a28503
037 _cTextual
040 _aCRL
_cCRL
_beng
041 _2eng
_aeng
082 _aY7v4, M5
245 0 _aSociology and social anthropology in Asia and the pacific edited by Yogesh Atal
260 _aNew Delhi
_bWiley Eastern India
_c1985
300 _a529p.
_ccm.
650 _aSOCIOLOGY
942 _hY7v4, M5
_cTEXL
_2cc
999 _c991581
_d991581